000 01102cam a2200313 a 4500
001 000018448
005 20200929165817.0
008 801110s1980 nyu 000 f eng d
020 _a02930001904615
040 _aDO-SdBNP
_beng
_cLC
_dBNPHU
041 1 7 _aeng
_hjpn
_2Código de idioma MARC
082 _a895.6
_bK22y
100 1 _aKawabata, Yasunari,
_d1899-1972.
_939926
240 1 0 _aYukiguni.
_lInglés
245 1 0 _aSnow country /
_cYasunari Kawabata ; traducción e introducción Edward G. Seidensticker.
260 _aNew York, N.Y. :
_bCharles E. Tuttle Company,
_c1980.
300 _ax, 175 p. ;
_c19 cm.
490 1 _aContemporary Works
_pUnesco
534 _aOriginally Published :
_tYukiguni
500 _aTranslation of Yukiguni.
500 _aOriginally published by Knopf, New York.
586 _a"Ganador del premio Nóbel".
650 4 _aNovela japonesa
_94300
650 4 _aLiteratura japonesa
_ySIGLO XX
_939927
700 1 _aSeidensticker, Edward G.,
_etr.
_939928
830 0 _aContemporary Works
_pUnesco
_939929
910 _aCatalogación derivada / LC
049 _aBNGR
999 _c17968
_d17968